Geography Quiz

Random Geography or City Quiz

Separated Cities (Argentina) Quiz Stats

 Plays Quiz not verified by Sporcle

Challenge
Share
Tweet
Score 0/25 Timer 05:00
0 Plays Today
% Correct
Buenos
100%
San
96%
San
95.4%
Cór
94.4%
San
93.7%
Santa
93.1%
Santa
91.8%
Men
91.3%
Santiago
91%
La
90.4%
La
87.3%
Bahía
85.7%
Mar
84.3%
% Correct
For
83%
Resis
80.3%
Rosa
80.1%
Corrien
77.1%
Ush
76.2%
Tu
73.2%
Pa
73.1%
Sal
72.7%
Comodoro
70.7%
Posa
62.9%
Neu
59.5%
Mer
56.5%

You're not logged in!

Compare scores with friends on all Sporcle quizzes.
OR
Log In

You Might Also Like...

Show Comments

Extras

Top Quizzes Today


Score Distribution

Your Account Isn't Verified!

In order to create a playlist on Sporcle, you need to verify the email address you used during registration. Go to your Sporcle Settings to finish the process.

Report this User

Report this user for behavior that violates our Community Guidelines.

Details: